[Event "7. Arber-Open Bodenmais 2018"]
[Site "Bodenmais"]
[Date "2018.08.01"]
[Round "5.38"]
[White "Simacek, Vaclav"]
[Black "Zametzer, Marcus"]
[Result "1-0"]
[WhiteElo "1868"]
[BlackElo "1293"]
[PlyCount "131"]
[EventDate "2018.??.??"]
[WhiteTeam "Å K Sokol Klatovy"]
[BlackTeam "SK Mangfalltal"]

1. e4 c5 2. b4 cxb4 3. Nf3 d6 4. a3 bxa3 5. Nxa3 a6 6. Bb2 Nc6 7. Nc4 b5 8. Ne3
Bb7 9. d4 Nf6 10. d5 Na5 11. Bxf6 gxf6 12. Qd2 Nc4 13. Nxc4 bxc4 14. Bxc4 Qc8
15. Bb3 Bg7 16. Ba4+ Kf8 17. Rb1 f5 18. O-O fxe4 19. Ng5 Bh6 20. Ne6+ Qxe6 21.
dxe6 Bxd2 22. Rxb7 fxe6 23. Rd1 Bc3 24. Bc6 Be5 25. Bxe4 d5 26. f4 Bxf4 27. Rf1
dxe4 28. Rxf4+ Ke8 29. Rxe4 Rf8 30. Rxe6 Rf7 31. Re2 a5 32. c4 a4 33. Rbb2 a3
34. Ra2 Rf6 35. Re3 Rfa6 36. Rh3 h6 37. Rg3 Kf7 38. Kf2 Kf6 39. Rc3 Ke5 40. Ke3
Kd6 41. Kd4 Kc6 42. Re3 Rd8+ 43. Kc3 Rd7 44. Re6+ Kb7 45. Rxa6 Kxa6 46. Rxa3+
Kb6 47. Ra2 Kc5 48. Ra5+ Kb6 49. Re5 Kc7 50. c5 Kc6 51. Kc4 Rd2 52. Rxe7 Rc2+
53. Kd4 Rxg2 54. Re6+ Kb5 55. Rb6+ Ka5 56. Rxh6 Kb5 57. c6 Rg4+ 58. Kd5 Kb6 59.
h4 Kc7 60. Rh7+ Kc8 61. c7 Rg6 62. h5 Rg8 63. Kd6 Re8 64. Rf7 Rh8 65. Rf6 Rh7
66. Rf8+ 1-0

[Event "7. Arber-Open Bodenmais 2018"]
[Site "Bodenmais"]
[Date "2018.08.01"]
[Round "5.39"]
[White "Schreiber, Egwin"]
[Black "Huhs, Sven"]
[Result "0-1"]
[WhiteElo "1586"]
[BlackElo "2034"]
[PlyCount "64"]
[EventDate "2018.??.??"]
[WhiteTeam "SV Deggendorf"]
[BlackTeam "FG Wohlde"]

1. e4 d5 2. exd5 Nf6 3. c4 c6 4. Nf3 cxd5 5. cxd5 g6 6. Bb5+ Nbd7 7. Nc3 Bg7 8.
O-O O-O 9. Bxd7 Bxd7 10. Ne5 b5 11. a3 a5 12. d4 b4 13. Nxd7 Qxd7 14. Na4 Nxd5
15. Nc5 Qf5 16. Be3 Rfd8 17. Qa4 e5 18. dxe5 Bxe5 19. Rfb1 Nxe3 20. fxe3 Rd2
21. Qc6 Rc8 22. Qb7 Rxc5 23. Rf1 Qd7 24. Qxd7 Rxd7 25. axb4 axb4 26. Ra8+ Kg7
27. Ra4 Rc4 28. b3 Re4 29. Rf3 Bc3 30. h3 Ree7 31. Ra5 Rd1+ 32. Kh2 Rb1 0-1

[Event "7. Arber-Open Bodenmais 2018"]
[Site "Bodenmais"]
[Date "2018.08.01"]
[Round "5.40"]
[White "Fuchs, Florian"]
[Black "Steinbach, Peter"]
[Result "1/2-1/2"]
[WhiteElo "1621"]
[BlackElo "2000"]
[PlyCount "77"]
[EventDate "2018.??.??"]
[WhiteTeam "DJK SF Haselbach"]
[BlackTeam "SV Crailsheim"]

1. d4 Nf6 2. Bf4 d6 3. e3 g6 4. c4 Bg7 5. Nc3 Nbd7 6. Be2 c5 7. h3 Qa5 8. Qd2
a6 9. Nf3 Rb8 10. a4 O-O 11. O-O Re8 12. g4 cxd4 13. exd4 b6 14. Ne1 e5 15. Be3
exd4 16. Bxd4 Ne4 17. Nxe4 Qxd2 18. Nxd2 Bxd4 19. Bf3 Bxb2 20. Rb1 Bd4 21. Ne4
Be5 22. Rd1 Nc5 23. Nxd6 Bxd6 24. Rxd6 Nxa4 25. Bc6 Be6 26. Bxa4 b5 27. cxb5
axb5 28. Bc2 Rec8 29. Bb1 Rc3 30. Nd3 Bc4 31. Rd1 Ra8 32. Ne5 Be6 33. Rd8+ Rxd8
34. Rxd8+ Kg7 35. Kg2 h5 36. Rb8 hxg4 37. hxg4 Rc5 38. f4 g5 39. Nd3 1/2-1/2

[Event "7. Arber-Open Bodenmais 2018"]
[Site "Bodenmais"]
[Date "2018.08.01"]
[Round "5.41"]
[White "Schmied, Eva-Maria"]
[Black "Rier, Guenter"]
[Result "0-1"]
[WhiteElo "1559"]
[BlackElo "1930"]
[PlyCount "64"]
[EventDate "2018.??.??"]
[WhiteTeam "SC Mpoe Maria Saal"]
[BlackTeam "SV MÃ¶dling"]

1. e4 g6 2. d4 Bg7 3. Nc3 d6 4. Be3 a6 5. Qd2 b5 6. f3 Nd7 7. h4 h5 8. O-O-O
Bb7 9. Bd3 c5 10. dxc5 Nxc5 11. Bf1 Rc8 12. Bd4 Nf6 13. e5 dxe5 14. Bxe5 Qxd2+
15. Rxd2 O-O 16. Nh3 Rfd8 17. Rxd8+ Rxd8 18. Bf4 b4 19. Nb1 Nd5 20. Bd2 Na4 21.
c3 bxc3 22. bxc3 Naxc3 23. Nxc3 Nxc3 24. Bxc3 Bxc3 25. Kc2 Bb4 26. Bd3 a5 27.
Nf4 Kg7 28. Kb3 e5 29. Bxg6 exf4 30. Bxh5 Rd3+ 31. Kb2 Rd2+ 32. Kb1 Bd5 0-1

[Event "7. Arber-Open Bodenmais 2018"]
[Site "Bodenmais"]
[Date "2018.08.01"]
[Round "5.42"]
[White "Malditz, Dieter"]
[Black "Naumann, Thomas"]
[Result "1/2-1/2"]
[WhiteElo "1878"]
[BlackElo "1710"]
[PlyCount "43"]
[EventDate "2018.??.??"]
[WhiteTeam "SK Ludwigshafen"]
[BlackTeam "ESV Lok DÃ¶beln"]

1. d4 d5 2. Nf3 Nf6 3. e3 e6 4. Bd3 Be7 5. b3 O-O 6. O-O Nbd7 7. Bb2 b6 8. Nbd2
Bb7 9. Qe2 c5 10. Rfd1 Rc8 11. Rac1 Ne4 12. c4 f5 13. Ne5 Nxe5 14. dxe5 Bh4 15.
g3 Be7 16. f3 Nxd2 17. Rxd2 Qe8 18. cxd5 Bxd5 19. Bc4 Bxc4 20. Qxc4 Qc6 21. Qe2
Rfd8 22. Rcd1 1/2-1/2

[Event "7. Arber-Open Bodenmais 2018"]
[Site "Bodenmais"]
[Date "2018.08.01"]
[Round "5.43"]
[White "Kissel, Ralf"]
[Black "Schreib, Marc"]
[Result "0-1"]
[WhiteElo "1639"]
[BlackElo "1857"]
[PlyCount "98"]
[EventDate "2018.??.??"]
[WhiteTeam "SK Mannheim"]
[BlackTeam "SK Neuperlach"]

1. e4 c6 2. d4 d5 3. exd5 cxd5 4. Bd3 Nc6 5. c3 Nf6 6. Nf3 Bg4 7. O-O e6 8. h3
Bh5 9. Bf4 Bd6 10. Bxd6 Qxd6 11. Nbd2 O-O 12. Re1 Bg6 13. Bxg6 hxg6 14. Ne5
Rab8 15. Qe2 Rfc8 16. Ndf3 Na5 17. Ng5 Rc7 18. h4 Nc4 19. Qc2 Qb6 20. Nxc4 Rxc4
21. Re3 Rbc8 22. Qe2 R4c6 23. g4 Qa6 24. Qf3 Rb6 25. Re2 Rb5 26. Kg2 Qb6 27.
Rb1 a5 28. Nxf7 Kxf7 29. g5 Rh8 30. gxf6 gxf6 31. Qg3 Qd8 32. Rbe1 Rb6 33. Rh1
Rh5 34. Kf1 Qd6 35. Qf3 Rc6 36. Re3 Rc8 37. Qe2 Qc6 38. b3 Rch8 39. Reh3 b5 40.
Qg4 b4 41. cxb4 axb4 42. Kg1 Qc1+ 43. Kg2 Qc2 44. Kh2 g5 45. Qg3 Rxh4 46. Rxh4
Rxh4+ 47. Kg2 Qe2 48. Qc7+ Kg6 49. Qd8 Rg4+ 0-1

[Event "7. Arber-Open Bodenmais 2018"]
[Site "Bodenmais"]
[Date "2018.08.01"]
[Round "5.44"]
[White "Brassat, Juergen"]
[Black "Kronschnabl, Matthias"]
[Result "0-1"]
[WhiteElo "1839"]
[BlackElo "1751"]
[PlyCount "102"]
[EventDate "2018.??.??"]
[WhiteTeam "SC Bavaria Regensburg von 1881"]
[BlackTeam "SC Bayerwald"]

1. d4 Nf6 2. c4 c6 3. Nf3 d5 4. g3 g6 5. Bg2 Bg7 6. O-O O-O 7. Nbd2 Re8 8. b3
b5 9. e3 bxc4 10. bxc4 e6 11. Ne5 Qc7 12. c5 Ba6 13. Re1 Nbd7 14. Ndf3 Nxc5 15.
Qc2 Nfd7 16. Nxd7 Nxd7 17. Ba3 c5 18. Rac1 c4 19. Qa4 Bb7 20. Bb4 Bc6 21. Qc2
Rab8 22. Bc3 Rb7 23. h3 Reb8 24. g4 Bf8 25. h4 Bb4 26. h5 Bxc3 27. Qxc3 Rb2 28.
h6 Rxa2 29. Rb1 Rxb1 30. Rxb1 Qa5 31. Qc1 c3 32. Ne5 c2 33. Nxc6 cxb1=Q 34.
Qxb1 Ra1 35. Nxa5 Rxb1+ 36. Bf1 Nb8 37. Kg2 Rb6 38. Bd3 Nc6 39. Nxc6 Rxc6 40.
e4 Rc3 41. Bb1 dxe4 42. Bxe4 Rc4 43. Kf3 Rxd4 44. Kf4 a5 45. Ke5 Rd2 46. f3 a4
47. g5 Re2 48. Kd4 a3 49. Bb1 a2 50. Bxa2 Rxa2 51. f4 Ra5 0-1

[Event "7. Arber-Open Bodenmais 2018"]
[Site "Bodenmais"]
[Date "2018.08.01"]
[Round "5.45"]
[White "Roesch, Felix"]
[Black "Wunderlich, Matthias"]
[Result "1/2-1/2"]
[WhiteElo "1523"]
[BlackElo "1826"]
[PlyCount "51"]
[EventDate "2018.??.??"]
[WhiteTeam "SV Urmitz"]
[BlackTeam "BSV-KW JÃ¤nschwalde"]

1. e4 d5 2. exd5 Nf6 3. d4 Bg4 4. Be2 Bxe2 5. Nxe2 Qxd5 6. O-O Nc6 7. Nbc3 Qh5
8. Bf4 O-O-O 9. a3 e6 10. Qd3 Nd5 11. Nxd5 exd5 12. b4 Bd6 13. b5 Na5 14. a4
Rhe8 15. Bxd6 Rxd6 16. Nf4 Qg4 17. g3 g5 18. f3 Qd7 19. Ng2 Qh3 20. Rfe1 Rde6
21. g4 Nc4 22. Qf5 Nd6 23. Qxd5 Re2 24. f4 gxf4 25. Rxe2 Rxe2 26. Rf1 1/2-1/2

[Event "7. Arber-Open Bodenmais 2018"]
[Site "Bodenmais"]
[Date "2018.08.01"]
[Round "5.46"]
[White "Titze, Karsten"]
[Black "Wudi, Tobias"]
[Result "1-0"]
[WhiteElo "1852"]
[BlackElo "1491"]
[PlyCount "37"]
[EventDate "2018.??.??"]
[WhiteTeam "vereinslos"]
[BlackTeam "SC Bayerwald"]

1. d4 d5 2. e4 dxe4 3. Nc3 Nf6 4. f3 exf3 5. Nxf3 Bg4 6. h3 Bxf3 7. Qxf3 c6 8.
Be3 e6 9. Bd3 Bb4 10. O-O Bxc3 11. bxc3 Nbd7 12. Qg3 Rg8 13. Rf3 Qe7 14. Raf1
O-O-O 15. Qf2 Qa3 16. d5 exd5 17. Bxa7 Qxc3 18. Bf5 Rge8 19. Rxc3 1-0

[Event "7. Arber-Open Bodenmais 2018"]
[Site "Bodenmais"]
[Date "2018.08.01"]
[Round "5.47"]
[White "Karner, Carl-Philipp"]
[Black "Nusser, Hans-Karl"]
[Result "1-0"]
[WhiteElo "1555"]
[BlackElo "1743"]
[PlyCount "133"]
[EventDate "2018.??.??"]
[WhiteTeam "ASV Burglengenfeld"]
[BlackTeam "MÃ¼nchener SC"]

1. e4 c5 2. Nf3 d6 3. d4 cxd4 4. c3 dxc3 5. Nxc3 Nc6 6. Bc4 Bg4 7. Bxf7+ Kxf7
8. Ng5+ Ke8 9. Qxg4 Nh6 10. Qd1 Qd7 11. O-O e6 12. Qb3 Nd8 13. Be3 Nhf7 14.
Rad1 Nxg5 15. Bxg5 Nf7 16. Bf4 a6 17. e5 d5 18. Nxd5 exd5 19. Rxd5 Qe7 20. e6
Nd8 21. Re1 Qb4 22. Qe3 Be7 23. Be5 Rg8 24. Bc3 Qc4 25. Qf3 Rf8 26. Qd1 Rf6 27.
Bxf6 Bxf6 28. b3 Qc3 29. Re3 Qc6 30. Rd6 Qc7 31. Red3 Be7 32. Rd7 Qc6 33. Qh5+
g6 34. Qxh7 Qxe6 35. Rxe7+ Qxe7 36. Re3 Ne6 37. Qxg6+ Kd7 38. Qe4 Rc8 39. Qxb7+
Rc7 40. Rd3+ Ke8 41. Qb8+ Nd8 42. g3 Rc1+ 43. Kg2 Qe4+ 44. Rf3 Rc3 45. Qf4
Qxf3+ 46. Qxf3 Rxf3 47. Kxf3 Ke7 48. Ke4 Nc6 49. a3 Na5 50. b4 Nc4 51. a4 Kd6
52. h4 Nb6 53. b5 a5 54. h5 Ke6 55. Kd3 Nxa4 56. Kc4 Kf5 57. f3 Nb6+ 58. Kb3
a4+ 59. Ka3 Kg5 60. g4 Kh6 61. f4 Nd5 62. Kxa4 Nxf4 63. b6 Nd3 64. Ka5 Nc5 65.
Kb5 Nb7 66. Kc6 Na5+ 67. Kc7 1-0

[Event "7. Arber-Open Bodenmais 2018"]
[Site "Bodenmais"]
[Date "2018.08.01"]
[Round "5.48"]
[White "Gaedt, Mario"]
[Black "Bartels, Vladimir"]
[Result "0-1"]
[WhiteElo "1506"]
[BlackElo "1739"]
[PlyCount "78"]
[EventDate "2018.??.??"]
[WhiteTeam "SV Bergen"]
[BlackTeam "Niederlande"]
[BlackTeamCountry "NED"]

1. d4 Nf6 2. Nf3 e6 3. c4 b6 4. Bg5 Bb7 5. e3 h6 6. Bxf6 Qxf6 7. Be2 Bb4+ 8.
Nbd2 d6 9. O-O Bxd2 10. Qxd2 Nd7 11. Rac1 O-O 12. Qc2 Rac8 13. Qa4 Qe7 14. Qxa7
Be4 15. Qa3 Ra8 16. Qb3 d5 17. a3 c5 18. cxd5 Bxd5 19. Qd1 Rfb8 20. Qd2 Nf6 21.
Bd3 Bxf3 22. gxf3 cxd4 23. exd4 Rd8 24. Qe3 Qd6 25. Rc4 b5 26. Rc5 b4 27. Ra1
Qxd4 28. Qxd4 Rxd4 29. Bc4 Rd2 30. Ra2 Re2 31. axb4 Rxa2 32. Bxa2 Rxb2 33. Rc8+
Kh7 34. Bc4 Rxb4 35. Rc7 Nh5 36. Bd3+ f5 37. Bc4 Nf4 38. Ba2 Rb2 39. Ra7 Rc2
0-1

[Event "7. Arber-Open Bodenmais 2018"]
[Site "Bodenmais"]
[Date "2018.08.01"]
[Round "5.49"]
[White "Heydt, Robert"]
[Black "Tiggemann, Felix"]
[Result "1-0"]
[WhiteElo "1701"]
[BlackElo "1490"]
[PlyCount "111"]
[EventDate "2018.??.??"]
[WhiteTeam "SK HÃ¶rbranz"]
[BlackTeam "SF SchÃ¶neck"]

1. c4 d5 2. cxd5 Qxd5 3. Nc3 Qd8 4. g3 Nf6 5. Bg2 Bg4 6. Bxb7 Nbd7 7. Bxa8 Qxa8
8. f3 Bf5 9. Qa4 e5 10. d3 Bc5 11. Ne4 Nxe4 12. dxe4 Be6 13. Bd2 Qb7 14. b4 Bd4
15. Rc1 Qb6 16. Qc6 Bxg1 17. Qa8+ Nb8 18. Rc6 Qf2+ 19. Kd1 O-O 20. Rxc7 Qb6 21.
Qb7 Rd8 22. Qxb6 Bxb6 23. Rc2 Na6 24. a3 Bb3 25. Kc1 Bxc2 26. Kxc2 Rc8+ 27. Kb2
Bd4+ 28. Kb3 Kf8 29. Rf1 Re8 30. Rc1 Ke7 31. Rc6 Bb6 32. a4 Kd7 33. Rc1 Bd4 34.
Rd1 Ke6 35. Rc1 Bb6 36. a5 Rd8 37. axb6 axb6 38. Be3 Ke7 39. Rc6 Rd6 40. Rxd6
Kxd6 41. Bxb6 Kc6 42. Be3 Kb5 43. Bd2 h6 44. h4 Nc7 45. e3 h5 46. f4 g6 47. Bc3
exf4 48. exf4 Ne6 49. Be5 Nd8 50. Bd6 Nc6 51. Kc3 Nd8 52. Kd4 Kc6 53. Bc5 Kd7
54. Ke5 Nb7 55. Kf6 Ke8 56. f5 1-0

[Event "7. Arber-Open Bodenmais 2018"]
[Site "Bodenmais"]
[Date "2018.08.01"]
[Round "5.50"]
[White "Merkl, Michael"]
[Black "Krejci, Vera Marie"]
[Result "0-1"]
[WhiteElo "1689"]
[BlackElo "1438"]
[PlyCount "74"]
[EventDate "2018.??.??"]
[WhiteTeam "TSV KÃ¶sching"]
[BlackTeam "SK Rothenburg"]

1. e4 e6 2. d4 d5 3. exd5 exd5 4. Nf3 Bd6 5. c4 Be6 6. cxd5 Bxd5 7. Nc3 Be6 8.
Bd3 Nf6 9. O-O O-O 10. Nb5 Be7 11. Bf4 Bd6 12. Nxd6 cxd6 13. Ng5 Bd5 14. f3 Nc6
15. Bf5 Qb6 16. Be3 Qxb2 17. Rf2 Qa3 18. Bc1 Qc3 19. Bb2 Qa5 20. Nh3 Rfe8 21.
Qd2 Qxd2 22. Rxd2 Re7 23. Ba3 Rd8 24. Nf4 g6 25. Nxd5 Nxd5 26. Bc2 Re3 27. Bb3
Nc7 28. Kf2 Ree8 29. Rc1 Nb5 30. Bb2 d5 31. Rc5 Nc7 32. Ba4 Re6 33. Re2 Rxe2+
34. Kxe2 Ne6 35. Rxc6 bxc6 36. Bxc6 Rc8 37. Ba4 Nf4+ 0-1

[Event "7. Arber-Open Bodenmais 2018"]
[Site "Bodenmais"]
[Date "2018.08.01"]
[Round "5.51"]
[White "Lehmann, Nils"]
[Black "Lindstaedt, Erik"]
[Result "1-0"]
[WhiteElo "1681"]
[BlackElo "919"]
[PlyCount "101"]
[EventDate "2018.??.??"]
[WhiteTeam "SV Lahn Limburg"]
[BlackTeam "SV Unser Fritz"]

1. e4 c6 2. d4 d6 3. Nf3 Bg4 4. Nbd2 Nf6 5. Bd3 e6 6. O-O d5 7. c3 dxe4 8. Nxe4
Be7 9. Re1 O-O 10. Nxf6+ Bxf6 11. Bf4 Nd7 12. Be2 Re8 13. Ne5 Bxe2 14. Qxe2
Bxe5 15. Bxe5 Nxe5 16. Qxe5 Qd5 17. Qxd5 exd5 18. f3 f6 19. b3 Kf7 20. Kf2 g5
21. Rac1 Rac8 22. c4 Rxe1 23. Kxe1 dxc4 24. bxc4 Rc7 25. Kd2 Ke6 26. Kd3 Rd7
27. Re1+ Kf7 28. h3 h5 29. Re4 a6 30. f4 b5 31. fxg5 fxg5 32. Re5 Kf6 33. Rc5
Rd6 34. h4 gxh4 35. Rxh5 b4 36. Rxh4 c5 37. Rh6+ Ke7 38. Rh7+ Kd8 39. Rh4 a5
40. d5 a4 41. Rh8+ Kc7 42. Ra8 Rg6 43. Rxa4 Rxg2 44. Ra6 Rg3+ 45. Ke2 Rg4 46.
Rc6+ Kd7 47. Rxc5 Rd4 48. Ke3 Rd1 49. Rb5 Kd6 50. Rb6+ Kc5 51. Rc6# 1-0

[Event "7. Arber-Open Bodenmais 2018"]
[Site "Bodenmais"]
[Date "2018.08.01"]
[Round "5.52"]
[White "Goerl, Peter"]
[Black "Bartels, Christian"]
[Result "0-1"]
[WhiteElo "1315"]
[BlackElo "1614"]
[PlyCount "52"]
[EventDate "2018.??.??"]
[WhiteTeam "SC Gardez-Viechtach"]
[BlackTeam "Niederlande"]
[BlackTeamCountry "NED"]

1. d4 d5 2. Nf3 Nf6 3. b3 c5 4. e3 a6 5. Nbd2 Nc6 6. c4 e6 7. Ba3 cxd4 8. Bxf8
dxe3 9. fxe3 Kxf8 10. cxd5 Qxd5 11. Bc4 Qd6 12. O-O Ke7 13. h3 b5 14. Be2 Bb7
15. Qe1 Rac8 16. Rd1 Qb4 17. Qg3 Nh5 18. Qg5+ Nf6 19. e4 Nd4 20. Qe3 Nxe2+ 21.
Qxe2 Nxe4 22. a3 Qc5+ 23. Kh2 Qd6+ 24. Kg1 Ng3 25. Qf2 Nxf1 26. Nc4 Qxd1 0-1

[Event "7. Arber-Open Bodenmais 2018"]
[Site "Bodenmais"]
[Date "2018.08.01"]
[Round "5.53"]
[White "Stowicek, Lars"]
[Black "Steppuhn, Simone"]
[Result "1/2-1/2"]
[WhiteElo "1275"]
[BlackElo "1570"]
[PlyCount "110"]
[EventDate "2018.??.??"]
[WhiteTeam "USV Halle"]
[BlackTeam "BrÃ¼hler SK"]

1. e4 c5 2. c3 Nf6 3. e5 Nd5 4. d4 cxd4 5. Qxd4 e6 6. Nf3 Nc6 7. Qe4 Be7 8.
Nbd2 Nb6 9. g3 O-O 10. Bg2 d5 11. Qe2 Qc7 12. O-O Nd7 13. Re1 Rd8 14. Nb3 Nf8
15. Nbd4 a5 16. Nb5 Qb8 17. Nfd4 Nxd4 18. Nxd4 Bd7 19. Nf3 b5 20. b3 Ra7 21.
Be3 Rc7 22. Bd4 Rdc8 23. Rec1 Bc5 24. Bxc5 Rxc5 25. Qe3 Ng6 26. Bf1 R8c7 27.
Ne1 Qc8 28. c4 dxc4 29. bxc4 Rxe5 30. Qb6 b4 31. Nd3 Rf5 32. c5 Ne7 33. Qxa5
Nc6 34. Qa4 Rd5 35. Bg2 Rd4 36. Qc2 Qa6 37. Rd1 Qb5 38. Bf1 Qb8 39. Bg2 b3 40.
axb3 Ra7 41. Rxa7 Nxa7 42. Bf1 Nc6 43. Bg2 h6 44. Nb2 Rxd1+ 45. Nxd1 Qb4 46.
Ne3 Qxc5 47. Qd1 Ne5 48. Be4 f5 49. Bg2 Nf7 50. Qxd7 Qc1+ 51. Bf1 Ng5 52. Qe8+
Kh7 53. Kg2 Qb1 54. h4 Qe4+ 55. Kg1 Nf3+ 1/2-1/2

[Event "7. Arber-Open Bodenmais 2018"]
[Site "Bodenmais"]
[Date "2018.08.01"]
[Round "5.54"]
[White "Thullen, Andre"]
[Black "Hoffmann, Steffen"]
[Result "1-0"]
[WhiteElo "1570"]
[BlackElo "1417"]
[PlyCount "135"]
[EventDate "2018.??.??"]
[WhiteTeam "SV Urmitz"]
[BlackTeam "SC NT NÃ¼rnberg"]

1. d4 d5 2. c4 c6 3. Nf3 dxc4 4. e3 b5 5. g3 Nf6 6. Bg2 e6 7. b3 Qa5+ 8. Bd2 c3
9. Nxc3 Bb4 10. Nb1 O-O 11. Bxb4 Qxb4+ 12. Qd2 Qxd2+ 13. Nbxd2 Bb7 14. Ne5 Nd5
15. Rc1 f6 16. Nd3 Nd7 17. O-O a5 18. a3 Rfc8 19. Rc2 Rc7 20. Rfc1 Rac8 21. Ne4
Rd8 22. Nd6 Ba8 23. Nxb5 Rb7 24. Nc3 Rxb3 25. Nxd5 exd5 26. Rc3 Rdb8 27. a4
Rxc3 28. Rxc3 Rb1+ 29. Rc1 Rxc1+ 30. Nxc1 Nb6 31. Nb3 Nxa4 32. Nxa5 f5 33. Kf1
Kf7 34. Ke1 Ke6 35. Kd2 Nb6 36. Kc3 Kd6 37. Bf1 Nd7 38. Ba6 Nf6 39. f3 g5 40.
Bc8 g4 41. f4 Nd7 42. Kb4 Kc7 43. Ba6 Kb6 44. Bd3 c5+ 45. dxc5+ Nxc5 46. Bxf5
Na6+ 47. Ka4 Nc5+ 48. Kb4 Na6+ 49. Kc3 Kxa5 50. Bxh7 Nc5 51. f5 Nd7 52. Bg6 Kb5
53. Kd4 Nf6 54. Ke5 Nd7+ 55. Ke6 Nc5+ 56. Ke7 Ne4 57. f6 Ng5 58. f7 Nxf7 59.
Kxf7 Kc5 60. Kf6 d4 61. exd4+ Kxd4 62. Kg5 Bf3 63. Bf5 Ke5 64. Bxg4 Bxg4 65.
Kxg4 Kf6 66. h4 Kg6 67. Kf4 Kh5 68. Kf5 1-0

[Event "7. Arber-Open Bodenmais 2018"]
[Site "Bodenmais"]
[Date "2018.08.01"]
[Round "5.55"]
[White "Hildebrand, Georg"]
[Black "Hedzic, Omer"]
[Result "1-0"]
[WhiteElo "1462"]
[BlackElo "1470"]
[PlyCount "113"]
[EventDate "2018.??.??"]
[WhiteTeam "SK Marburg"]
[BlackTeam "SC Bayerwald"]

1. c4 c5 2. Nc3 e6 3. g3 Ne7 4. Bg2 g6 5. d3 Nbc6 6. e3 Bg7 7. Nge2 O-O 8. O-O
Rb8 9. Rb1 Nf5 10. a3 Re8 11. b4 cxb4 12. axb4 b6 13. b5 Ne5 14. e4 Ne7 15. Bf4
d6 16. Qc2 Nd7 17. Bxd6 Be5 18. Bxb8 Bxb8 19. d4 e5 20. d5 Nc5 21. Qd2 Bd6 22.
Kh1 Qc7 23. Ng1 Nd7 24. Qe2 Bc5 25. Nd1 Qd6 26. Ra1 Nb8 27. Rxa7 h5 28. Bh3 f5
29. f3 f4 30. gxf4 Bd4 31. f5 g5 32. Qg2 Qf6 33. Ne2 Bc5 34. Ng3 h4 35. Nh5 Qh6
36. Bg4 Nd7 37. Qh3 Nf6 38. Nxf6+ Qxf6 39. Ra2 Bd7 40. Rg2 Ra8 41. Nf2 Nc8 42.
Nd3 Bd4 43. Bh5 Nd6 44. Qg4 Nf7 45. Bxf7+ Kxf7 46. Qh5+ Ke7 47. Rxg5 Be8 48.
Qxh4 Be3 49. Qh7+ Kd8 50. Rg7 Rc8 51. Qh8 Rxc4 52. Rd7+ Kxd7 53. Qxf6 Bd4 54.
Qe6+ Kd8 55. f6 Rc7 56. Qd6+ Rd7 57. Qb8# 1-0

[Event "7. Arber-Open Bodenmais 2018"]
[Site "Bodenmais"]
[Date "2018.08.01"]
[Round "5.56"]
[White "Schloegl, Andreas"]
[Black "Krawiec, Jan"]
[Result "1/2-1/2"]
[WhiteElo "1204"]
[BlackElo "1460"]
[PlyCount "83"]
[EventDate "2018.??.??"]
[WhiteTeam "SC Beilngries"]
[BlackTeam "SV Unser Fritz"]

1. e4 e5 2. Nf3 Nc6 3. Nc3 Bc5 4. Nxe5 Nxe5 5. d4 Bxd4 6. Qxd4 d6 7. Bf4 Be6 8.
Bxe5 dxe5 9. Qxd8+ Rxd8 10. Rd1 Rxd1+ 11. Kxd1 Nf6 12. b3 O-O 13. f3 a6 14. Na4
Nd7 15. Be2 Rd8 16. Kc1 b5 17. Nc3 Nc5 18. Rd1 Rxd1+ 19. Kxd1 c6 20. b4 Na4 21.
Nxa4 bxa4 22. a3 Bc8 23. c3 Kf8 24. Kd2 Ke8 25. Kd3 Kd8 26. Ke3 Kc7 27. f4
exf4+ 28. Kxf4 Kb6 29. Bc4 f6 30. e5 fxe5+ 31. Kxe5 c5 32. Kd6 cxb4 33. cxb4 a5
34. bxa5+ Kxa5 35. Kc5 Bb7 36. g3 h6 37. Bf7 Bc8 38. Bg6 Bg4 39. h4 Bf3 40. Bf7
g5 41. hxg5 hxg5 42. Bc4 1/2-1/2

[Event "7. Arber-Open Bodenmais 2018"]
[Site "Bodenmais"]
[Date "2018.08.01"]
[Round "5.57"]
[White "Rempe, Lennik"]
[Black "Karayilan, Nilufer"]
[Result "0-1"]
[WhiteElo "1143"]
[BlackElo "1326"]
[PlyCount "68"]
[EventDate "2018.??.??"]
[WhiteTeam "SK Doppelbauer Kiel"]
[BlackTeam "SV Doorn Driebergen"]

1. e4 c5 2. Nf3 e6 3. d4 cxd4 4. Nxd4 a6 5. Nc3 Qc7 6. g3 Be7 7. Bg2 Nf6 8. O-O
O-O 9. Be3 Nc6 10. Nxc6 dxc6 11. f4 Rd8 12. Qe2 b5 13. g4 Bb7 14. Rf3 Nxg4 15.
Rh3 Nxe3 16. Qh5 h6 17. Rxe3 Bc5 18. Qxc5 Qxf4 19. Rf3 Qd2 20. Qe7 Rd7 21. Qh4
Rad8 22. Rg3 b4 23. Rd1 Qxc2 24. Rxd7 Rxd7 25. Qg4 g6 26. Qf4 bxc3 27. Qxh6 Qd2
28. Qh4 c2 29. Rh3 c1=Q+ 30. Bf1 Qg5+ 31. Qxg5 Qxg5+ 32. Kh1 f5 33. exf5 c5+
34. Bg2 Qxg2# 0-1

[Event "7. Arber-Open Bodenmais 2018"]
[Site "Bodenmais"]
[Date "2018.08.02"]
[Round "6.1"]
[White "Milov, Leonid"]
[Black "Pap, Misa"]
[Result "1/2-1/2"]
[WhiteElo "2469"]
[BlackElo "2473"]
[PlyCount "74"]
[EventDate "2018.??.??"]
[WhiteTeam "SC NT NÃ¼rnberg"]
[BlackTeam "SF Augsburg"]

1. e4 e5 2. Nf3 Nc6 3. Bc4 Nf6 4. d3 Bc5 5. O-O d6 6. c3 a6 7. a4 O-O 8. Bg5 h6
9. Bh4 g5 10. Bg3 Bg4 11. Nbd2 Nh5 12. b4 Ba7 13. Qc2 Qf6 14. Kh1 Nf4 15. b5
axb5 16. axb5 Ne7 17. Bxf4 gxf4 18. Ra4 Bb6 19. d4 Kh8 20. Be2 Rxa4 21. Qxa4
exd4 22. cxd4 d5 23. exd5 Nxd5 24. Nc4 Qe7 25. Qc2 Nc3 26. Qxc3 Qxe2 27. Rg1
Kh7 28. Nxb6 cxb6 29. Qb3 Qxf2 30. Qd5 Qe3 31. Qxb7 Bxf3 32. gxf3 Qxd4 33. Qe7
Qe3 34. Qxf8 Qxf3+ 35. Rg2 Qf1+ 36. Rg1 Qf3+ 37. Rg2 Qf1+ 1/2-1/2

[Event "7. Arber-Open Bodenmais 2018"]
[Site "Bodenmais"]
[Date "2018.08.02"]
[Round "6.2"]
[White "Meijers, Viesturs"]
[Black "Miesbauer, Jan"]
[Result "1/2-1/2"]
[WhiteElo "2458"]
[BlackElo "2282"]
[PlyCount "104"]
[EventDate "2018.??.??"]
[WhiteTeam "ESV NickelhÃ¼tte Aue"]
[BlackTeam "SC Bayerwald"]

1. Nf3 g6 2. g3 Bg7 3. d4 Nf6 4. Bg2 O-O 5. O-O d5 6. b3 c5 7. Bb2 cxd4 8. Nxd4
Re8 9. Nf3 Nc6 10. Ne5 Qc7 11. Nxc6 bxc6 12. c4 e5 13. cxd5 cxd5 14. Nc3 Bb7
15. Rc1 Qa5 16. Na4 Rad8 17. Qe1 Qxe1 18. Rfxe1 Rc8 19. Bh3 Rxc1 20. Rxc1 d4
21. Rc7 Ba6 22. Bf1 Ra8 23. Nc5 Ne8 24. Nxa6 Nxc7 25. Nxc7 Rc8 26. Nd5 Bf8 27.
Nf6+ Kg7 28. Nd7 Bd6 29. f4 f6 30. e3 Rc2 31. fxe5 fxe5 32. exd4 Rxb2 33. dxe5
Be7 34. Bc4 Rxa2 35. Nb8 Bc5+ 36. Kh1 h5 37. h3 h4 38. gxh4 Kh6 39. Nd7 Bd4 40.
Nf6 g5 41. h5 Ra5 42. Ng4+ Kxh5 43. e6 Kh4 44. Kg2 Bc5 45. Ne5 Ra2+ 46. Kf3
Rf2+ 47. Ke4 Kxh3 48. Nd3 Re2+ 49. Kd5 Bf8 50. Nf4+ gxf4 51. Bxe2 Kg3 52. Ke4
Bb4 1/2-1/2

[Event "7. Arber-Open Bodenmais 2018"]
[Site "Bodenmais"]
[Date "2018.08.02"]
[Round "6.3"]
[White "Hausner, Ivan"]
[Black "Puschendorf, Steffen"]
[Result "1-0"]
[WhiteElo "2321"]
[BlackElo "2153"]
[PlyCount "49"]
[EventDate "2018.??.??"]
[WhiteTeam "SC Bayerwald"]
[BlackTeam "ESV Gera"]

1. d4 d5 2. c4 c6 3. Nf3 e6 4. g3 dxc4 5. Bg2 b5 6. O-O Bb7 7. a4 Nd7 8. Nc3 a6
9. e4 Ngf6 10. e5 Nd5 11. Ne4 h6 12. b3 c3 13. Ne1 Be7 14. Qg4 g6 15. Nd3 Qb6
16. Be3 O-O-O 17. b4 bxa4 18. Ndc5 Nxc5 19. bxc5 Qb5 20. Qf3 Rdf8 21. Rfb1 Qa5
22. Qd1 f5 23. exf6 Nxf6 24. Rxa4 Qc7 25. Bf4 1-0

[Event "7. Arber-Open Bodenmais 2018"]
[Site "Bodenmais"]
[Date "2018.08.02"]
[Round "6.4"]
[White "Tong, Kevin"]
[Black "Meertens, Martin"]
[Result "1/2-1/2"]
[WhiteElo "2180"]
[BlackElo "2146"]
[PlyCount "22"]
[EventDate "2018.??.??"]
[WhiteTeam "SC Erlangen"]
[BlackTeam "Klub KÃ¶lner SF"]

1. e4 c5 2. Nf3 d6 3. d4 cxd4 4. Nxd4 Nf6 5. Nc3 e6 6. g4 h6 7. h3 Nc6 8. Bg2
Nxd4 9. Qxd4 e5 10. Qd3 a6 11. a4 Be6 1/2-1/2